Les Youtubers Minecraft (Juin 2016) - Statistiques

Statistiques générales
  • Ce quiz a été pris 318 fois
  • Le résultat moyen est 4 sur 10
Statistiques - réponses
Nombres d'abonnés Youtuber % Correct
1 795 228 Siphano
92%
1 479 522 Frigiel
89%
1 316 627 Aypierre
77%
879 494 FuriousJumper
67%
1 645 596 TheFantasio974
36%
656 851 Newtiteuf
27%
611 968 Unsterbliicher
14%
1 228 602 MrBboy45
9%
609 124 Superbrioche666
8%
721 182 Guzz Production
4%
Aucun quiz correspondant
Distribution des résultats
% des personnes avec chaque résultat
Percentile par nombre de réponses
Votre historique - résultats
Vous n’avez pas pris ce quiz